| 000 | 01009cam a22002174a 4500 | ||
|---|---|---|---|
| 005 | 20250605164113.0 | ||
| 008 | 250528s ||||||||||||||||||||||||d | ||
| 035 | _a17959 | ||
| 020 | _a304319651 | ||
| 040 |
_aGR-AtMCL _bgre _dGR-AtMCL _eAACR2 |
||
| 245 | 1 | _aStrategic Decision-Making | |
| 260 |
_bCassell, _c1992 |
||
| 300 | _a246 | ||
| 520 | _aThis book addresses the issue of central concern to the Management of the Modern Business Organization. Preface, Decision Processes, Corporate Objectives, Corporate Cultures, Organization Structure, Business Analysis, Small-Firm Decision-Making, Strategic Decision-Making and Defining the Strategic Problem, Strategic Decision-Making and Gathering and Analyzing Information, Generating and Evaluating and Choosing Strategic Developments, Rational Decision-Making and Implementation Issues, Index. | ||
| 700 | 1 |
_aGore Chris _94252 |
|
| 700 | 1 |
_aMurray Kate _94253 |
|
| 700 | 1 |
_aRichardson Bill _94254 |
|
| 942 | _cBK | ||
| 999 |
_c3353 _d3353 |
||